Aqua / (Record no. 149902)

MARC details
000 -LEADER
fixed length control field 00489nam a22001817a 4500
005 - DATE AND TIME OF LATEST TRANSACTION
control field 20180213141353.0
010 ## - LCCN (DPL NO)
LC control number ENG-122245
020 ## - INTERNATIONAL STANDARD BOOK NUMBER
Terms of availability 640.00
International Standard Book Number 9789387324206
035 ## - SYSTEM CONTROL NUMBER
System control number EN-105777
037 ## - SOURCE OF ACQUISITION
Source of stock number/acquisition DBAD/PUB
082 ## - DEWEY DECIMAL CLASSIFICATION NUMBER
Classification number N
100 ## - MAIN ENTRY--PERSONAL NAME
Personal name Sudha Madhuri D.
245 ## - TITLE STATEMENT
Title Aqua /
Statement of responsibility, etc by Sudha Madhuri D.
260 ## - PUBLICATION, DISTRIBUTION, ETC. (IMPRINT)
Place of publication, distribution, etc Delhi
Name of publisher, distributor, etc KW Publishers
Date of publication, distribution, etc c2018
270 ## - ADDRESS
Address 4676/21, first floor, Ansari road daryaganj
City Delhi
Postal code 110002
300 ## - PHYSICAL DESCRIPTION
Extent xvii,265p.
Dimensions 23cm(pbk)
942 ## - ADDED ENTRY ELEMENTS (KOHA)
Source of classification or shelving scheme Dewey Decimal Classification
Item type English Books
Classification part N
Call number suffix SUD
Holdings
Withdrawn status Lost status Not for loan Collection code Home library Current library Date acquired Source of acquisition Cost, normal purchase price Full call number Barcode Copy number Cost, replacement price Koha item type
    Not For Loan Non-fiction D.B.Act.Division Bawana 12/02/2018 DBAD/PUB 640.00 N SUD EN-105777 1 640.00 English Books

© Delhi Public Library
Hit Counter
free hit counter